Hggsp Histoire et Memoire 2 - Statistiques

Statistiques générales
  • Ce quiz a été pris 375 fois
  • Le résultat moyen est 7 sur 27
Statistiques - réponses
Hint Réponse % Correct
Qui a été tenu responsable de la WW1 à la suite du traité de Versaille? allemagne
92%
De quel pays était il héritier ? Autriche-Hongrie
65%
Qui a écrit en 1961; Les buts de la guerre de l'Allemagne impériale 1914-1918 Fritz Fisher
47%
Quand a été assassiné l'héritier du trône? (jour;mois;annee) 28 juin 1914
43%
Cette thèse est elle bien ou mal reçu en Allemagne ? Bien
39%
Il incrimine specialement une nation laquelle? Serbie
39%
Quelle nation déclenche un incident diplomatique a la suite des commémorations du centenaire de la WW1 pour avoir été mis dans un tribune secondaire? (cette nation avait perdu 1,2 million d'homme durant la guerre) Serbie
39%
La France reconnait le genocide des armeniens en.... 2001
36%
Quel historien insiste sur le pacifisme en soutenant la thèse des responsabilités partagé? Jules Isaac
35%
Quel historien publie des recherches accusant l'Allemagne et l'Autriche-Hongrie d'être responsable de la guerre? Pierre Renouvin
34%
L'assassinat de l'héritier du trône, et l'engrenage des alliances sont des cause profondes ou directes du déclanchement de la guerre? cause directe
32%
La montée du nationalisme, le revanchisme Français et la course au armement sont des cause profondes ou directes du déclanchement de la guerre? cause profonde
31%
Quel historien a écrit "Somnambule"; été 1914"; "comment l'Europe a marché vers la guerre?" ? Christopher Clark
31%
Combien d'état (arrondie a la dizaine) ont reconnu ce genocide? 30
29%
Soutient-il la thèse des responsabilité individuelle ou des responsabilités partagées? responsabilité partagé
15%
Comment est qualifié Gravelo Princip en Serbie? héro
11%
La tournée au etats unis de Fisher est donc....( ce qui crée une mini crise diplomatique -> mobilisations des historiens ) annulée
6%
Qui écrit que "Hitler à exploité le traumatisme de la défaite et du traité de versaille pour accéder au pouvoir, promettant une revanche, d'où l'expression 'guerre de 30 ans' pour qualifier la période 14-45" Gerd Krumeich
6%
Quel historien fait une analyse minutieuse de juillet 1914? Gerd Krumeich
6%
Dès 2012, on célèbre....... ( notamment avec une grande collecte) le centenaire de la première guerre mondiale
5%
Qui définit les monuments au morts comme "lieu de mémoire par excellence" Antoine Prost
4%
Cet ouvrage fait scandale car la France et l'Allemagne car les deux nations sont en pleine politique de ........... rapprochement
4%
L'auteur de cette thèse insiste sur la responsabilité de qui? Allemagne impériale
3%
En Allemagne, un groupe d'historien vise a démontrer le diktat comment s'appelle leur thèse ? le mythe de l'innocence allemande
2%
Qu'es ce qui est symbolisé par une poigné de main entre Mitterand et Kokl (endroit+ date) Verdum 1984
2%
La WW1 n'est plus une guerre européene elle prend un dimension mondiale cela elargit donc.............. les espaces géographiques
1%
Les conflits des balcans (1912) et ceux de la turquie (1923) sont jugé necessaire pour comprendre la WW1 cela elargit donc ............. les limites chronologiques
1%
Aucun quiz correspondant
Distribution des résultats
% des personnes avec chaque résultat
Percentile par nombre de réponses
Votre historique - résultats
Vous n’avez pas pris ce quiz